| 000 | 00550nam a2200169 i 4500 | ||
|---|---|---|---|
| 001 | 113721 | ||
| 003 | ES-MaACL | ||
| 005 | 20230906190003.0 | ||
| 007 | t| | ||
| 008 | 061121s1912 sp |||| | spa d | ||
| 100 | 1 |
_aNoguera López, Juan. _985876 |
|
| 245 | 1 | 0 |
_aEstudio clínico experimental del carbunco _b: tesis doctoral / _cJuan Noguera López. |
| 260 |
_aGranada : _b[s.n.], _c1912. |
||
| 502 | _aTesis de doctorado leída en la Universidad Central el 5 de noviembre de 1910. | ||
| 650 | 4 |
_aCarbunco. _9152636 |
|
| 852 |
_aES-MaACL _j1497-F-7 |
||
| 999 |
_c113721 _d113721 |
||